|
|
|
|
| LEADER |
00000nab a2200000 a 4500 |
| 001 |
vtls010256043 |
| 003 |
SK-MaSNL |
| 005 |
20260304161456.0 |
| 008 |
25050728c2007 xo o e slon |
| 035 |
|
|
|a SVKKK000087939
|
| 035 |
|
|
|a urn:nbn:sk:snk-ab1c04
|
| 035 |
|
|
|a (urnnbn)urn:nbn:sk:snk:ar-001usi
|
| 035 |
|
|
|a (uuid)e05a9bc1-7193-455a-b41a-1baa4d0c796c
|
| 038 |
|
|
|a SVKKK
|
| 040 |
|
|
|a SNKBUCL
|b slo
|c SNKBUCL
|e AACR2
|
| 041 |
0 |
|
|a eng
|b eng
|
| 044 |
|
|
|a xo
|c SK
|
| 080 |
|
|
|a 620.18
|2 1997
|
| 080 |
|
|
|a 621.762.5
|2 1997
|
| 080 |
|
|
|a 669.018.9
|2 1997
|
| 245 |
0 |
0 |
|a Sintering of Si3N4 nano-powder prepared by plasma synthesis
|c M. Balog ... [et al.]
|
| 300 |
|
|
|b Obr., tab.
|
| 504 |
|
|
|a Bibliogr. odkazy
|
| 504 |
|
|
|a Res. angl.
|
| 650 |
0 |
7 |
|a keramické materiály
|2 snkbucl
|9 3663
|
| 650 |
0 |
7 |
|a nanokryštalické materiály
|2 snkbucl
|9 82657
|
| 650 |
0 |
7 |
|a nanoprášky Si3N4
|x spekanie
|x vlastnosti mechanické
|x mikroštruktúra
|2 snkbucl
|9 1485509
|
| 700 |
1 |
|
|a Balog, M.
|4 aut
|9 787353
|
| 700 |
1 |
|
|a Lenčéš, Z.
|4 aut
|9 804783
|
| 700 |
1 |
|
|a Vysocká, A.
|4 aut
|9 1485510
|
| 700 |
1 |
|
|a Zalite, I.
|4 aut
|9 1485511
|
| 773 |
0 |
|
|t Kovové materiály
|g Roč. 45, č. 4 (2007), s. 195-198
|x 0023-432X
|
| 850 |
|
|
|a Slovenská národná knižnica
|
| 852 |
|
|
|a Slovenská národná knižnica
|
| 958 |
|
|
|a article27
|
| 958 |
|
|
|a NB
|
| 958 |
|
|
|a OND
|
| 958 |
|
|
|a EUIPO
|
| 999 |
|
|
|c 2971237
|d 2973167
|